01393nas a2200409 4500001001300000003000900013005001700022007000300039008003400042040005400076041000900130072001300139100001700152100001600169100001900185100001800204100001700222100001400239100001500253100001800268100001800286100001800304245009400322246009400416650001000510650001200520650002000532650001700552650002200569650001200591650001700603773013300620909004000753942001800793999001900811952015300830BR2012003655BR-BrBNA20231205120615.0ta230509b bl.|||p| |||| 00| 00por d aBR-BrBNAbporcBiblioteca Nacional de Agricultura a(En) aL73; L701 aAguiar, D.M.1 aAmude, A.M.1 aSantos, L.G.F.1 aRibeiro, M.G.1 aUeno, T.E.H.1 aMegid, J.1 aPaes, A.C.1 aAlfieri, A.F.1 aAlfieri, A.A.1 aGennari, S.M.1 aCanine distemper virus and Toxoplasma gondii co-infection in dogs with neurological signs1 aCanine distemper virus and Toxoplasma gondii co-infection in dogs with neurological signs aCÃO aVÍRUS aDOENÇA ANIMAL aTOXOPLASMOSE aTOXOPLASMA GONDII aSINTOMA aINFECÇÃO0 tArquivo Brasileiro de Medicina Veterinária e Zootecnia (Brazil)xISSN 0102-0935g(Feb 2012), v. 64(1) p. 221-224wBR2012003655 a202311bLúciac55dLúcia Elande 2AGRISn0cANA c219354d219354 002AGRIS4071a41918b41918cPeriódicos Agrícolash(Feb 2012), v. 64(1) p. 221-224l0r2023-11-29t01yCRePortaria Interministerial nº 164/94